[Event "DVM U20 2016"]
[Site "Borken-Gemen GER"]
[Date "2016.12.27"]
[Round "1"]
[White "Wanner, Lukas"]
[Black "Haas, Maximilian"]
[Result "1/2-1/2"]
[Termination "normal"]
[Board "3.4"]
[WhiteElo "2020"]
[BlackElo "1752"]
[WhiteClock "00:12:00"]
[BlackClock "00:15:56"]
[WhiteTeam "SK Doppelbauer Kiel"]
[BlackTeam "SC Erlangen"]
[PlyCount "119"]
[WhiteFideId "12918148"]
[BlackFideId "12959219"]
[EventCountry "GER"]
[EventRounds "7"]
[EventType "team-swiss"]
[EventDate "2016.12.26"]

1. e4 {[%clk 1:30:57]} e6 {[%clk 1:28:39]} 2. d4 {[%clk 1:31:13]} d5 {[%clk
1:28:52]} 3. Nd2 {[%clk 1:31:34]} c5 {[%clk 1:28:15]} 4. exd5 {[%clk 1:30:54]}
Qxd5 {[%clk 1:28:34]} 5. Ngf3 {[%clk 1:30:57]} cxd4 {[%clk 1:28:49]} 6. Bc4
{[%clk 1:30:59]} Qd6 {[%clk 1:28:51]} 7. O-O {[%clk 1:30:42]} Nf6 {[%clk
1:29:01]} 8. Nb3 {[%clk 1:30:24]} Nc6 {[%clk 1:28:12]} 9. Nbxd4 {[%clk
1:30:39]} Nxd4 {[%clk 1:28:22]} 10. Nxd4 {[%clk 1:30:53]} a6 {[%clk 1:28:21]}
11. Re1 {[%clk 1:26:55]} Be7 {[%clk 1:25:59]} 12. c3 {[%clk 1:25:57]} O-O
{[%clk 1:25:55]} 13. Bb3 {[%clk 1:22:47]} b5 {[%clk 1:17:10]} 14. Qf3 {[%clk
1:20:44]} Bd7 {[%clk 1:12:23]} 15. Bg5 {[%clk 1:16:39]} Rac8 {[%clk 1:04:47]}
16. Rad1 {[%clk 1:10:18]} Qc5 {[%clk 0:59:11]} 17. Be3 {[%clk 0:57:26]} Qh5
{[%clk 0:55:12]} 18. Qxh5 {[%clk 0:55:38]} Nxh5 {[%clk 0:55:30]} 19. Nf5 {[%clk
0:52:04]} exf5 {[%clk 0:49:04]} 20. Rxd7 {[%clk 0:52:26]} Bf6 {[%clk 0:39:02]}
21. Bd1 {[%clk 0:50:13]} f4 {[%clk 0:34:34]} 22. Bc1 {[%clk 0:42:40]} Rc5
{[%clk 0:31:47]} 23. Bxh5 {[%clk 0:40:14]} Rxh5 {[%clk 0:29:46]} 24. Bxf4
{[%clk 0:40:35]} Rf5 {[%clk 0:22:36]} 25. Be3 {[%clk 0:36:14]} Re8 {[%clk
0:12:30]} 26. Ra7 {[%clk 0:31:05]} Rd5 {[%clk 0:08:33]} 27. Rxa6 {[%clk
0:29:40]} h6 {[%clk 0:07:45]} 28. Kf1 {[%clk 0:28:18]} Rde5 {[%clk 0:06:43]}
29. Bd2 {[%clk 0:26:06]} Rd8 {[%clk 0:05:16]} 30. Rxe5 {[%clk 0:25:45]} Bxe5
{[%clk 0:05:32]} 31. Ke2 {[%clk 0:24:45]} Bxh2 {[%clk 0:03:57]} 32. g3 {[%clk
0:21:10]} h5 {[%clk 0:04:20]} 33. Be3 {[%clk 0:20:25]} h4 {[%clk 0:04:13]} 34.
gxh4 {[%clk 0:19:43]} Rd5 {[%clk 0:03:45]} 35. Rc6 {[%clk 0:15:54]} Bd6 {[%clk
0:03:07]} 36. c4 {[%clk 0:15:44]} bxc4 {[%clk 0:03:06]} 37. Rxc4 {[%clk
0:16:08]} Rb5 {[%clk 0:03:24]} 38. b3 {[%clk 0:15:20]} Kf8 {[%clk 0:02:38]} 39.
Bf4 {[%clk 0:14:15]} Ba3 {[%clk 0:02:01]} 40. Kd3 {[%clk 0:12:58]} Ke8 {[%clk
0:01:57]} 41. Kc3 {[%clk 0:12:20]} Be7 {[%clk 0:01:01]} 42. Bg3 {[%clk
0:07:52]} Bf6+ {[%clk 0:29:46]} 43. Kc2 {[%clk 0:39:14]} Kd7 {[%clk 0:29:09]}
44. a4 {[%clk 0:38:00]} Ra5 {[%clk 0:28:00]} 45. Kb1 {[%clk 0:36:53]} Rd5
{[%clk 0:27:14]} 46. b4 {[%clk 0:34:27]} Rd1+ {[%clk 0:24:56]} 47. Kc2 {[%clk
0:34:29]} Ra1 {[%clk 0:25:18]} 48. a5 {[%clk 0:30:55]} Ke6 {[%clk 0:23:55]} 49.
Kb3 {[%clk 0:26:40]} Kd5 {[%clk 0:22:45]} 50. Rc2 {[%clk 0:25:16]} Rb1+ {[%clk
0:21:08]} 51. Ka4 {[%clk 0:22:48]} Be7 {[%clk 0:20:38]} 52. a6 {[%clk 0:21:43]}
Rxb4+ {[%clk 0:19:26]} 53. Ka5 {[%clk 0:16:02]} Rb1 {[%clk 0:16:50]} 54. Bf4
{[%clk 0:12:41]} Bc5 {[%clk 0:15:42]} 55. Be3 {[%clk 0:11:50]} Ra1+ {[%clk
0:15:32]} 56. Kb5 {[%clk 0:12:14]} Rb1+ {[%clk 0:15:38]} 57. Ka4 {[%clk
0:12:26]} Ra1+ {[%clk 0:15:14]} 58. Kb5 {[%clk 0:11:09]} Rb1+ {[%clk 0:15:33]}
59. Ka4 {[%clk 0:11:35]} Ra1+ {[%clk 0:15:56]} 60. Kb5 {[%clk 0:12:00]} 1/2-1/2

[Event "DVM U20 2016"]
[Site "Borken-Gemen GER"]
[Date "2016.12.27"]
[Round "1"]
[White "Mieck, Jale"]
[Black "Grüninger, Maxim"]
[Result "1-0"]
[Termination "normal"]
[Board "3.6"]
[WhiteElo "1933"]
[BlackElo "1556"]
[WhiteClock "00:59:16"]
[BlackClock "00:07:44"]
[WhiteTeam "SK Doppelbauer Kiel"]
[BlackTeam "SC Erlangen"]
[PlyCount "80"]
[WhiteFideId "12936871"]
[BlackFideId "12942960"]
[EventCountry "GER"]
[EventRounds "7"]
[EventType "team-swiss"]
[EventDate "2016.12.26"]

1. e4 {[%clk 1:30:52]} c5 {[%clk 1:30:55]} 2. Ne2 {[%clk 1:31:18]} Nc6 {[%clk
1:30:52]} 3. c4 {[%clk 1:31:40]} g6 {[%clk 1:30:39]} 4. d4 {[%clk 1:32:05]} Bg7
{[%clk 1:29:07]} 5. d5 {[%clk 1:30:00]} Nb4 {[%clk 1:24:28]} 6. Nbc3 {[%clk
1:28:13]} d6 {[%clk 1:22:49]} 7. g3 {[%clk 1:24:45]} Nf6 {[%clk 1:21:11]} 8.
Bg2 {[%clk 1:24:36]} Bd7 {[%clk 1:19:24]} 9. O-O {[%clk 1:24:30]} O-O {[%clk
1:15:21]} 10. h3 {[%clk 1:24:08]} Nh5 {[%clk 1:02:47]} 11. g4 {[%clk 1:22:47]}
Nf6 {[%clk 1:01:23]} 12. Ng3 {[%clk 1:22:26]} Ne8 {[%clk 0:58:19]} 13. a3
{[%clk 1:18:10]} Na6 {[%clk 0:57:57]} 14. Qd3 {[%clk 1:17:35]} Qc8 {[%clk
0:56:04]} 15. Bg5 {[%clk 1:16:06]} f6 {[%clk 0:54:54]} 16. Bd2 {[%clk 1:15:31]}
f5 {[%clk 0:52:18]} 17. exf5 {[%clk 1:09:32]} gxf5 {[%clk 0:52:05]} 18. f3
{[%clk 1:08:59]} Be5 {[%clk 0:48:44]} 19. Nh5 {[%clk 1:07:24]} Nf6 {[%clk
0:45:50]} 20. Nf4 {[%clk 1:06:14]} Nc7 {[%clk 0:43:34]} 21. Rae1 {[%clk
1:05:37]} Rf7 {[%clk 0:40:10]} 22. b4 {[%clk 1:03:41]} b6 {[%clk 0:37:16]} 23.
Nfe2 {[%clk 1:01:22]} Rg7 {[%clk 0:34:54]} 24. g5 {[%clk 1:00:50]} Nh5 {[%clk
0:32:31]} 25. f4 {[%clk 1:01:03]} Bxc3 {[%clk 0:25:20]} 26. Bxc3 {[%clk
1:01:06]} Rf7 {[%clk 0:23:48]} 27. Bb2 {[%clk 1:01:13]} Qf8 {[%clk 0:22:14]}
28. Bf3 {[%clk 0:59:34]} Ng7 {[%clk 0:22:15]} 29. Qc3 {[%clk 0:59:40]} h6
{[%clk 0:13:28]} 30. gxh6 {[%clk 0:59:50]} Rf6 {[%clk 0:13:45]} 31. hxg7 {[%clk
1:00:03]} Qxg7+ {[%clk 0:13:58]} 32. Kh2 {[%clk 1:00:21]} Kf7 {[%clk 0:12:45]}
33. Rg1 {[%clk 0:58:10]} Qh7 {[%clk 0:11:57]} 34. Rg5 {[%clk 0:57:40]} Rh8
{[%clk 0:10:11]} 35. Rh5 {[%clk 0:58:02]} Qg8 {[%clk 0:08:22]} 36. Rxh8 {[%clk
0:58:16]} Qxh8 {[%clk 0:08:44]} 37. Qe3 {[%clk 0:58:42]} Qh4 {[%clk 0:08:46]}
38. Bxf6 {[%clk 0:59:04]} Qxf6 {[%clk 0:07:43]} 39. Bh5+ {[%clk 0:59:08]} Kf8
{[%clk 0:07:44]} 40. Rg1 {[%clk 0:59:16]} Ke8 1-0

[Event "DVM U20 2016"]
[Site "Borken-Gemen GER"]
[Date "2016.12.27"]
[Round "1"]
[White "Xu, Xianliang"]
[Black "Stricker, Florian"]
[Result "1-0"]
[Termination "normal"]
[Board "4.1"]
[WhiteTitle "FM"]
[WhiteElo "2295"]
[BlackElo "2115"]
[WhiteTeam "SG Porz"]
[BlackTeam "SG Bochum"]
[PlyCount "77"]
[WhiteFideId "4603230"]
[BlackFideId "12976385"]
[EventCountry "GER"]
[EventRounds "7"]
[EventType "team-swiss"]
[EventDate "2016.12.26"]

1.c4 Nf6 2.g3 c5 3.Bg2 g6 4.Nc3 Bg7 5.e4 Nc6 6.Nge2 d6 7.O-O O-O 8.d3 Nd4 9.a3
Bd7 10.Nxd4 cxd4 11.Nd5 Nxd5 12.exd5 Qc8 13.Bg5 Re8 14.Re1 e5 15.dxe6 fxe6
16.b4 h6 17.Bd2 e5 18.b5 Be6 19.Qe2 Qd7 20.Qe4 d5 21.cxd5 Bf5 22.Qe2 Qxb5
23.Be4 Qd7 24.Rec1 Rac8 25.Rab1 Rf8 26.Bb4 Rfe8 27.h4 h5 28.Bxf5 Qxf5 29.d6 Qe6
30.Qe4 Bh6 31.Rxc8 Rxc8 32.Qxb7 Rf8 33.Qe7 Qf5 34.Rf1 Be3 35.Be1 Qg4 36.Qxe5
Bf4 37.Qd5+ Kh7 38.d7 Bc7 39.Qc5 1-0

[Event "DVM U20 2016"]
[Site "Borken-Gemen GER"]
[Date "2016.12.27"]
[Round "1"]
[White "Padva, Leo"]
[Black "Pilat, Fabian"]
[Result "1-0"]
[Termination "normal"]
[Board "4.3"]
[WhiteElo "1937"]
[BlackElo "1931"]
[WhiteTeam "SG Porz"]
[BlackTeam "SG Bochum"]
[PlyCount "205"]
[WhiteFideId "12964379"]
[BlackFideId "24683396"]
[EventCountry "GER"]
[EventRounds "7"]
[EventType "team-swiss"]
[EventDate "2016.12.26"]

1.e4 c5 2.Nf3 e6 3.d4 cxd4 4.Nxd4 a6 5.Nc3 Qc7 6.a3 d6 7.Be3 Nd7 8.Be2 b5 9.O-O
Bb7 10.f4 Ngf6 11.Bf3 Be7 12.Qe1 O-O 13.Qg3 Kh8 14.e5 Ne8 15.Bxb7 Qxb7 16.Rae1
Rc8 17.Kh1 dxe5 18.fxe5 Bxa3 19.bxa3 Rxc3 20.Rf3 Qd5 21.Bd2 Rxf3 22.Nxf3 Nc7
23.Bb4 Rc8 24.Ng5 Kg8 25.Qf4 f6 26.exf6 Nxf6 27.Be7 Nce8 28.Nxe6 Rxc2 29.Qg3
Rc6 30.Nf4 Qf7 31.Bb4 Nd6 32.Qf3 Nde4 33.h3 Rc8 34. Rxe4 Nxe4 35.Qxe4 h6 36.Nd5
Rc1+ 37.Kh2 Rc4 38.Ne7+ Kh8 39.Ng6+ Kg8 40. Qa8+ Kh7 41.Nf8+ Kg8 42.Ng6+ Kh7
43.Nf8+ Kg8 44.Ne6+ Kh7 45.Qd5 Qa7 46.Bc5 Qb8+ 47.Bd6 Qa7 48.Be5 Rc1 49.Qd3+
Kg8 50.Qd8+ Kf7 51.Nd4 Rc5 52.Bd6 Rd5 53.Nc6 Rxd6 54.Qxd6 Qe3 55.Ne5+ Kg8
56.Qe6+ Kh7 57.Qf5+ Kg8 58.Nd3 Qd4 59. Qe6+ Kh7 60.Qf5+ Kg8 61.Nf4 Qb2 62.Qc5
Qf6 63.Nd3 Qf1 64.Qe3 Qf6 65.Qe5 Qf8 66.Qe6+ Qf7 67.Qxf7+ Kxf7 68.Kg3 a5 69.Kf4
Kf6 70.Ke4 h5 71.Kd5 b4 72. axb4 axb4 73.Nxb4 Kf5 74.Nd3 h4 75.Kd4 g5 76.Ke3 g4
77.Nf2 gxh3 78.Nxh3 Kg4 79.Kf2 Kh5 80.Kf3 Kh6 81.Kg4 Kg6 82.Kxh4 Kh6 83.Kg4 Kg6
84.Nf4+ Kf6 85.Kh5 Kg7 86.Kg5 Kf7 87.Kh6 Kg8 88.g4 Kh8 89.g5 Kg8 90.Ng6 Kf7
91.Kh7 Ke6 92.Nh8 Kf5 93.g6 Ke5 94.g7 Kf5 95.g8=Q Ke5 96.Kg6 Kf4 97.Qe6 Kf3
98.Kg5 Kg3 99.Qe3+ Kg2 100.Kg4 Kh1 101.Qd2 Kg1 102.Kg3 Kh1 103.Qd1# 1-0

[Event "DVM U20 2016"]
[Site "Borken-Gemen GER"]
[Date "2016.12.27"]
[Round "1"]
[White "Fistoul, Boris"]
[Black "Spindler, Florian"]
[Result "1-0"]
[Termination "normal"]
[Board "4.4"]
[WhiteElo "1865"]
[BlackElo "1893"]
[WhiteTeam "SG Bochum"]
[BlackTeam "SG Porz"]
[PlyCount "151"]
[WhiteFideId "12953962"]
[BlackFideId "12964387"]
[EventCountry "GER"]
[EventRounds "7"]
[EventType "team-swiss"]
[EventDate "2016.12.26"]

1.d4 Nf6 2.c4 e6 3.Nc3 Bb4 4.a3 Bxc3+ 5.bxc3 O-O 6.f3 d5 7.e3 b6 8.cxd5 exd5
9.Bd3 Nbd7 10.Ne2 Re8 11.O-O c5 12.Ng3 Nf8 13.Re1 Ne6 14.Bb2 c4 15. Bc2 Bd7
16.Qd2 Qc7 17.Rf1 Rad8 18.Rae1 b5 19.e4 Bc8 20.e5 Nd7 21.f4 Qb6 22.Kh1 Nef8
23.f5 Qh6 24.Qd1 g6 25.Bc1 Qh4 26.Rf4 Qe7 27.Ref1 Nb6 28.fxg6 fxg6 29.Rf7 Qxf7
30.Rxf7 Kxf7 31.Nh5 gxh5 32.Qxh5+ Ke7 33.Bg5+ Kd7 34.Bf5+ Kc6 35.Bxd8 Rxd8
36.Bxc8 Rxc8 37.Qf7 Nfd7 38.h4 Nf8 39.e6 Nxe6 40.Qxe6+ Kb7 41.g4 Rc6 42.Qf5 Rc7
43.g5 a5 44.h5 b4 45.axb4 axb4 46.cxb4 c3 47.Qc2 Nd7 48.g6 hxg6 49.hxg6 Nf6
50.g7 Kb6 51.Qg6 c2 52.Qxf6+ Ka7 53.g8=Q c1=Q+ 54.Qg1 Rh7+ 55.Kg2 Qc2+ 56.Qgf2
Qe4+ 57.Q2f3 Qc2+ 58.Kg3 Qh2+ 59.Kg4 Qh5+ 60.Kf4 Qh2+ 61.Kf5 Rh5+ 62.Ke6 Rh6
63.Qxh6 Qxh6+ 64.Kxd5 Qg5+ 65.Kc4 Qc1+ 66.Kb5 Qe1 67.Qf7+ Kb8 68.Qf4+ Kb7
69.Qf7+ Kb8 70.Qd5 Qf1+ 71.Qc4 Qf5+ 72. d5 Qf7 73.Qc6 Qf1+ 74.Kb6 Qf2+ 75.Qc5
Qf7 76.Qd6+ 1-0

[Event "DVM U20 2016"]
[Site "Borken-Gemen GER"]
[Date "2016.12.27"]
[Round "1"]
[White "Niesel, Tobias"]
[Black "Wübker, Paul-Luca"]
[Result "1-0"]
[Termination "normal"]
[Board "4.5"]
[WhiteElo "1887"]
[BlackElo "1751"]
[WhiteTeam "SG Porz"]
[BlackTeam "SG Bochum"]
[PlyCount "93"]
[WhiteFideId "12962155"]
[BlackFideId "12939528"]
[EventCountry "GER"]
[EventRounds "7"]
[EventType "team-swiss"]
[EventDate "2016.12.26"]

1.Nf3 d5 2.c4 d4 3.d3 c5 4.g3 Nc6 5.Bg2 Nf6 6.O-O e5 7.Na3 Rb8 8.Nc2 Be7 9.a3
a5 10.b3 O-O 11.Bb2 Qc7 12.e3 Bg4 13.exd4 exd4 14.Qd2 Rfe8 15.Rfe1 b5 16.cxb5
Rxb5 17.b4 axb4 18.axb4 Nxb4 19.Nxb4 Rxb4 20.Rac1 Reb8 21.Rc2 Bxf3 22.Bxf3 Bf8
23.Rec1 Qa7 24.Ra1 Qb6 25.Bc1 Qb5 26.Kg2 Rb3 27.Rc4 Nd7 28.Ra5 Qb6 29.Rca4 Qf6
30.Ra7 Nb6 31.R4a6 c4 32.Be4 c3 33.Qc2 Rb5 34.Rc7 Qe5 35. Bf4 Qe8 36.Raa7 Rb2
37.Qd1 Rc8 38.Rxf7 Qe6 39.Qh5 h6 40.Rfb7 c2 41.Rxb6 Rxb6 42.Bd5 Kh8 43.Bxe6
Rxe6 44.Qf5 Rec6 45.Bc1 Rd8 46.Rf7 Kg8 47.Rxf8+ 1-0

[Event "DVM U20 2016"]
[Site "Borken-Gemen GER"]
[Date "2016.12.27"]
[Round "1"]
[White "Holtel, Jasper"]
[Black "Kololli, Kevin"]
[Result "1-0"]
[Termination "normal"]
[Board "5.1"]
[WhiteTitle "FM"]
[WhiteElo "2236"]
[BlackElo "2217"]
[WhiteTeam "SK Münster"]
[BlackTeam "Lübecker SV"]
[PlyCount "221"]
[WhiteFideId "12956376"]
[BlackFideId "12936863"]
[EventCountry "GER"]
[EventRounds "7"]
[EventType "team-swiss"]
[EventDate "2016.12.26"]

1.e4 Nf6 2.e5 Nd5 3.d4 d6 4.c4 Nb6 5.exd6 cxd6 6.Nc3 g6 7.h3 Bg7 8.Nf3 O-O
9.Be2 Nc6 10.O-O e5 11.Bg5 f6 12.Be3 Re8 13.dxe5 dxe5 14.c5 Nd7 15.Bc4+ Kh8
16.Ne4 Qe7 17.Nd6 Rf8 18.Qd5 h6 19.Rad1 Ndb8 20.Nxc8 Rxc8 21.Qf7 Qxf7 22.Bxf7
Kh7 23.Nh4 Ne7 24.f4 exf4 25.Bxf4 g5 26.Bxb8 Raxb8 27.Rd7 gxh4 28. Rxe7 Rxc5
29.Bb3 Kg6 30.Rd1 Bf8 31.Re4 Rbc8 32.Rg4+ Rg5 33.Rxh4 Bc5+ 34. Kh1 Re8 35.Bc4
Rge5 36.Rg4+ Rg5 37.Rf4 Rge5 38.Rg4+ Rg5 39.Rf4 Rge5 40. Rdf1 Be7 41.Rg4+ Kh7
42.Bd3+ Kh8 43.Rg6 Bf8 44.Rgxf6 Bg7 45.Rf7 R8e7 46. Rxe7 Rxe7 47.b3 a5 48.Rc1
Bd4 49.Bc4 b6 50.Rd1 Be5 51.g4 Kg7 52.Kg2 Bf4 53.Rd4 Be3 54.Rd8 Bc5 55.Rb8 Be3
56.h4 Bc5 57.Rg8+ Kh7 58.Rd8 Re3 59.Rd5 Kg7 60.Rd7+ Re7 61.Rd8 Kg6 62.Kf3 Be3
63.Rd6+ Kg7 64.Bd3 Kg8 65.Be4 Bc1 66.Rxb6 Rc7 67.Bd5+ Kg7 68.Ke4 Bd2 69.Kf5 Be1
70.Rg6+ Kh7 71.g5 hxg5 72. hxg5 Rc2 73.Rh6+ Kg7 74.a4 Rf2+ 75.Kg4 Rf1 76.Rd6
Rg1+ 77.Kh5 Bd2 78.Rg6+ Kh7 79.Be4 Kh8 80.Rh6+ Kg8 81.Rg6+ Kh8 82.Kh4 Be3
83.Bf3 Bf2+ 84.Kh5 Be3 85.Kh6 Rg3 86.Bh5 Bc1 87.Rg7 Ba3 88.Rb7 Bd6 89.Kg6 Re3
90.Bg4 Re8 91.Bf5 Bb4 92.Bd3 Rg8+ 93.Kh6 Rg7 94.Rb8+ Rg8 95.Rb5 Bc3 96.Bc4 Rd8
97.Rb7 Rd6+ 98.g6 Bg7+ 99.Kg5 Rd8 100.Ra7 Rf8 101.Rxa5 Rf2 102.Ra8+ Bf8 103.Bd5
Rf1 104.a5 Rg1+ 105.Kh5 Rf1 106.a6 Rf5+ 107.Kg4 Rxd5 108.Rxf8+ Kg7 109.a7 Ra5
110.a8=Q Rg5+ 111.Kf4 1-0

[Event "DVM U20 2016"]
[Site "Borken-Gemen GER"]
[Date "2016.12.27"]
[Round "1"]
[White "Kololli, Martin"]
[Black "Austrup, David"]
[Result "1-0"]
[Termination "normal"]
[Board "5.2"]
[WhiteElo "2231"]
[BlackElo "1967"]
[WhiteTeam "Lübecker SV"]
[BlackTeam "SK Münster"]
[PlyCount "51"]
[WhiteFideId "12936910"]
[BlackFideId "12996890"]
[EventCountry "GER"]
[EventRounds "7"]
[EventType "team-swiss"]
[EventDate "2016.12.26"]

1.f4 Nf6 2.Nf3 g6 3.g3 Bg7 4.Bg2 d6 5.O-O O-O 6.d3 c5 7.c3 Nc6 8.Nh4 e6 9. e4
Nd7 10.Nd2 f5 11.Nc4 Nb6 12.Ne3 d5 13.e5 d4 14.Nc2 g5 15.Bxc6 gxh4 16. Bg2 hxg3
17.hxg3 dxc3 18.bxc3 Qc7 19.Na3 Bd7 20.Qb3 Rac8 21.Rb1 Rfd8 22. Be3 Rf8 23.Nb5
c4 24.dxc4 Qxc4 25.Nxa7 Ba4 26.Qxb6 1-0

[Event "DVM U20 2016"]
[Site "Borken-Gemen GER"]
[Date "2016.12.27"]
[Round "1"]
[White "Haberkamp, Carl"]
[Black "Poghosyan, Tigran"]
[Result "0-1"]
[Termination "normal"]
[Board "5.3"]
[WhiteElo "1919"]
[BlackElo "2063"]
[WhiteTeam "SK Münster"]
[BlackTeam "Lübecker SV"]
[PlyCount "94"]
[WhiteFideId "12959766"]
[BlackFideId "12909319"]
[EventCountry "GER"]
[EventRounds "7"]
[EventType "team-swiss"]
[EventDate "2016.12.26"]

1.d4 Nf6 2.c4 g6 3.Nc3 d5 4.cxd5 Nxd5 5.Bd2 Bg7 6.e4 Nb6 7.Be3 O-O 8.h3 e5
9.Nf3 exd4 10.Bxd4 Nc6 11.Bxg7 Qxd1+ 12.Rxd1 Kxg7 13.Be2 Be6 14.O-O Rfd8 15.b3
a6 16.Bd3 Nd4 17.Nxd4 Rxd4 18.Bc2 Rad8 19.e5 g5 20.Ne4 h6 21.Nc5 Rd2 22.Rxd2
Rxd2 23.Be4 Nd5 24.Nxb7 Nc3 25.Bf3 Rxa2 26.Rc1 Nb5 27.Nc5 Bf5 28. b4 Nd4 29.Bd1
Ra3 30.Kf1 Nc6 31.Nb3 Nxb4 32.Rxc7 Nd3 33.Nd4 Kg6 34.Nxf5 Kxf5 35.Rxf7+ Kxe5
36.g3 Ra2 37.Rf3 Ke4 38.Re3+ Kd4 39.Rf3 Rd2 40.Be2 a5 41.Rf6 a4 42.Ra6 Nc5
43.Rxh6 a3 44.Rd6+ Kc3 45.Rc6 Rd5 46.Rc8 a2 47.Ra8 Rd2 0-1

[Event "DVM U20 2016"]
[Site "Borken-Gemen GER"]
[Date "2016.12.27"]
[Round "1"]
[White "Van Lindt, Chiara"]
[Black "Bosselmann, Tom Linus"]
[Result "0-1"]
[Termination "normal"]
[Board "5.5"]
[WhiteElo "1429"]
[BlackElo "1919"]
[WhiteTeam "SK Münster"]
[BlackTeam "Lübecker SV"]
[PlyCount "60"]
[WhiteFideId "12966762"]
[BlackFideId "12983845"]
[EventCountry "GER"]
[EventRounds "7"]
[EventType "team-swiss"]
[EventDate "2016.12.26"]

1.Nf3 Nf6 2.g3 g6 3.Bg2 Bg7 4.d3 d5 5.O-O O-O 6.Nbd2 c5 7.Qe1 Nc6 8.a3 e6 9.e4
Re8 10.Rb1 a5 11.Qe3 b6 12.Re1 Bb7 13.Qe2 Rc8 14.b3 Ba6 15.Bb2 b5 16. Qd1 Qc7
17.exd5 exd5 18.Rc1 Rxe1+ 19.Qxe1 Re8 20.Qd1 c4 21.dxc4 dxc4 22. Nd4 Nxd4
23.Bxd4 Rd8 24.Bc3 b4 25.axb4 axb4 26.Bxb4 c3 27.Ra1 Rxd2 28.Qf3 Bb5 29.Ra8+
Ne8 30.Ra1 Qd7 0-1

[Event "DVM U20 2016"]
[Site "Borken-Gemen GER"]
[Date "2016.12.27"]
[Round "1"]
[White "Rietschel, Tilo"]
[Black "Hungeling, David"]
[Result "1-0"]
[Termination "normal"]
[Board "5.6"]
[WhiteElo "1856"]
[BlackElo "1513"]
[WhiteTeam "Lübecker SV"]
[BlackTeam "SK Münster"]
[PlyCount "85"]
[WhiteFideId "16208390"]
[BlackFideId "16222440"]
[EventCountry "GER"]
[EventRounds "7"]
[EventType "team-swiss"]
[EventDate "2016.12.26"]

1.e4 e6 2.d4 d5 3.Nc3 Bb4 4.e5 c5 5.a3 Bxc3+ 6.bxc3 c4 7.f4 Ne7 8.Nf3 Nbc6
9.Be2 Nf5 10.O-O O-O 11.Qe1 f6 12.g4 Nfe7 13.exf6 Rxf6 14.Bd2 Qe8 15.Qg3 Qg6
16.Rac1 Bd7 17.Nh4 Qe8 18.Rce1 Ng6 19.Nf3 Nge7 20.Ne5 Nxe5 21.dxe5 Rf8 22.Bd1
Rc8 23.Rf2 Rc6 24.h4 Ra6 25.Bc1 Rc6 26.Bf3 Rc7 27.h5 a6 28.f5 Nc6 29.f6 Qf7
30.g5 g6 31.Rh2 Kh8 32.Kf2 Qg8 33.Reh1 Be8 34.hxg6 Bxg6 35.Rh6 b5 36.Bh5 Bxc2
37.Ke1 Be4 38.Rh2 Bd3 39.g6 Bxg6 40.Bxg6 Rd8 41.Rxh7+ Rxh7 42.Rxh7+ Qxh7
43.Bxh7 1-0

[Event "DVM U20 2016"]
[Site "Borken-Gemen GER"]
[Date "2016.12.27"]
[Round "1"]
[White "Altstadt, Karl-Simon"]
[Black "Merkel, Toni"]
[Result "1-0"]
[Termination "normal"]
[Board "6.1"]
[WhiteElo "1995"]
[BlackElo "1910"]
[WhiteTeam "USV Halle"]
[BlackTeam "SK König Plauen"]
[PlyCount "53"]
[WhiteFideId "24696676"]
[BlackFideId "12902624"]
[EventCountry "GER"]
[EventRounds "7"]
[EventType "team-swiss"]
[EventDate "2016.12.26"]

1.e4 c5 2.Nf3 d6 3.d4 cxd4 4.Nxd4 Nf6 5.Nc3 g6 6.Be3 Bg7 7.f3 O-O 8.Qd2 Nc6
9.g4 Nxd4 10.Bxd4 Be6 11.h4 h6 12.O-O-O Qa5 13.a3 Rac8 14.g5 Nh5 15. Bxg7 Kxg7
16.gxh6+ Kh7 17.Bh3 Qe5 18.Kb1 a6 19.Nd5 Rfd8 20.Rde1 Qg3 21. Bxe6 fxe6 22.Rhg1
Qxh4 23.Rg4 Qh3 24.Nb6 Rc5 25.Reg1 Rg8 26.Qf2 g5 27.R4g2 1-0

[Event "DVM U20 2016"]
[Site "Borken-Gemen GER"]
[Date "2016.12.27"]
[Round "1"]
[White "Fischer, Erik"]
[Black "Hartge, Gedeon"]
[Result "1/2-1/2"]
[Termination "normal"]
[Board "6.2"]
[WhiteElo "1865"]
[BlackElo "2088"]
[WhiteTeam "SK König Plauen"]
[BlackTeam "USV Halle"]
[PlyCount "51"]
[WhiteFideId "12956678"]
[BlackFideId "12932116"]
[EventCountry "GER"]
[EventRounds "7"]
[EventType "team-swiss"]
[EventDate "2016.12.26"]

1.e4 c5 2.Nf3 e6 3.c3 d5 4.exd5 exd5 5.d4 Nf6 6.Bb5+ Bd7 7.Bxd7+ Nbxd7 8. O-O
Be7 9.Bf4 O-O 10.Nbd2 Re8 11.Re1 Qb6 12.Qb3 Nf8 13.Qxb6 axb6 14.Bc7 N6d7 15.a3
Rac8 16.Bg3 Ne6 17.Rac1 Bf6 18.Nb3 Ng5 19.Nxg5 Bxg5 20.Rcd1 c4 21.Na1 b5 22.Kf1
Nb6 23.Nc2 Na4 24.Rxe8+ Rxe8 25.Rb1 g6 26.Nb4 1/2-1/2

[Event "DVM U20 2016"]
[Site "Borken-Gemen GER"]
[Date "2016.12.27"]
[Round "1"]
[White "Karl, Binh"]
[Black "Schulte, Felix"]
[Result "0-1"]
[Termination "normal"]
[Board "6.4"]
[WhiteElo "1761"]
[BlackElo "1892"]
[WhiteTeam "SK König Plauen"]
[BlackTeam "USV Halle"]
[PlyCount "86"]
[WhiteFideId "12922862"]
[BlackFideId "12914800"]
[EventCountry "GER"]
[EventRounds "7"]
[EventType "team-swiss"]
[EventDate "2016.12.26"]

1.e4 c5 2.Nf3 e6 3.d4 cxd4 4.Nxd4 a6 5.Bd3 Nf6 6.O-O d6 7.Nc3 Qc7 8.Be3 b5 9.h3
Bb7 10.a3 Nbd7 11.Qe2 Nc5 12.Bd2 Be7 13.Rac1 O-O 14.b4 Nxd3 15.cxd3 Qd7 16.Nb3
Rac8 17.Be3 Rfe8 18.Qb2 Bf8 19.Kh1 g6 20.Bd4 Bg7 21.Ne2 Qe7 22. Ng3 e5 23.Be3
d5 24.Bc5 Qe6 25.Rfe1 h5 26.Qb1 h4 27.Nf1 dxe4 28.Na5 Ba8 29.dxe4 Bh6 30.Rc3
Red8 31.Nb3 Nh5 32.Kg1 Nf4 33.Rf3 f5 34.Nfd2 Nxg2 35. Kxg2 Bxd2 36.Nxd2 Rxd2
37.Kg1 Bxe4 38.Rxe4 fxe4 39.Qxe4 Rcd8 40.Kg2 Kg7 41.Qe3 R2d3 42.Bf8+ Rxf8
43.Qxd3 Qc6 0-1

[Event "DVM U20 2016"]
[Site "Borken-Gemen GER"]
[Date "2016.12.27"]
[Round "1"]
[White "Perekhozhuk, Maksym"]
[Black "Helmrich, Daniel"]
[Result "1-0"]
[Termination "normal"]
[Board "6.5"]
[WhiteElo "1912"]
[BlackElo "1712"]
[WhiteTeam "USV Halle"]
[BlackTeam "SK König Plauen"]
[PlyCount "85"]
[WhiteFideId "12914860"]
[BlackFideId "12956767"]
[EventCountry "GER"]
[EventRounds "7"]
[EventType "team-swiss"]
[EventDate "2016.12.26"]

1.e4 c5 2.Nf3 d6 3.d4 cxd4 4.Nxd4 Nf6 5.Nc3 a6 6.f4 e5 7.Nf3 Nbd7 8.a4 Be7
9.Bc4 Qc7 10.Bb3 O-O 11.O-O Nc5 12.Nd5 Nxd5 13.Bxd5 Bd7 14.b3 Bc6 15.Qe2 Bxd5
16.exd5 e4 17.Ng5 Bf6 18.Ra2 Bd4+ 19.Be3 Bxe3+ 20.Qxe3 h6 21.Nh3 f5 22.Kh1 a5
23.Rg1 Qf7 24.c4 Rae8 25.g4 fxg4 26.Rxg4 Nd3 27.Rag2 Re7 28.Rg6 Kh7 29.Rxg7+
Qxg7 30.Rxg7+ Kxg7 31.Qg3+ Kh7 32.Qh4 Ree8 33.Ng5+ Kg7 34. Ne6+ Rxe6 35.dxe6
Rxf4 36.Qe7+ Kg6 37.Qxd6 Rf6 38.Qg3+ Kh7 39.e7 Re6 40. Qc7 Kg8 41.Qd8+ Kf7
42.Qf8+ Kg6 43.e8=Q+ 1-0

[Event "DVM U20 2016"]
[Site "Borken-Gemen GER"]
[Date "2016.12.27"]
[Round "1"]
[White "Nguyen Dang, Lukas"]
[Black "Rudolf, Henning"]
[Result "0-1"]
[Termination "normal"]
[Board "6.6"]
[WhiteElo "1794"]
[BlackElo "1848"]
[WhiteTeam "SK König Plauen"]
[BlackTeam "USV Halle"]
[PlyCount "91"]
[WhiteFideId "12957135"]
[BlackFideId "12994596"]
[EventCountry "GER"]
[EventRounds "7"]
[EventType "team-swiss"]
[EventDate "2016.12.26"]

1.e4 e6 2.d4 d5 3.Nd2 dxe4 4.Nxe4 Nd7 5.Nf3 Ngf6 6.Bd3 Nxe4 7.Bxe4 Nf6 8. Bd3
Be7 9.O-O O-O 10.b3 b6 11.Bb2 Bb7 12.c4 Be4 13.Bxe4 Nxe4 14.Qd3 Nf6 15.Ne5 Bd6
16.Rad1 Bxe5 17.dxe5 Qxd3 18.Rxd3 Ne4 19.Rfd1 Nc5 20.R3d2 Nb7 21.Kf1 Rfd8
22.Rd7 c5 23.Ke2 Rxd7 24.Rxd7 Nd8 25.Bc3 a5 26.Rd6 Rb8 27.a3 Kf8 28.b4 axb4
29.axb4 Ke7 30.b5 Rb7 31.Bd2 f6 32.Be3 fxe5 33.Rd3 Nf7 34. f3 Ra7 35.Rc3 Ra2+
36.Bd2 Nd6 37.g4 e4 38.f4 Ra4 39.Be1 Nxc4 40.Bh4+ Kd7 41.Bg3 Ra2+ 42.Ke1 Nd6
43.g5 Nxb5 44.Rb3 Kc6 45.h4 Nd4 46.Re3 0-1